Loading...
| Philosophy | 0 | 2 | 0 | 1 | 20 | 91 | 103.00 | 0 | 1 | 3.93 | 13.33 |
| Social Science | 0 | 2 | 0 | 0 | 20 | 71 | 79.50 | 1 | 1 | 4.44 | 9.33 |
| Literature - British | 1 | 0 | 0 | 0 | 15 | 36 | 36.00 | 1 | 1 | 8.17 | 11.11 |
| Science - Physics | 1 | 0 | 0 | 0 | 15 | 44 | 44.00 | 1 | 1 | 6.88 | 10.00 |
| Visual Arts | 0 | 1 | 0 | 1 | 10 | 130 | 130.00 | 0 | 0 | 0.08 | 2.22 |
| Fine Arts - Other Arts | 0 | 1 | 0 | 0 | 10 | 79 | 79.00 | 1 | 1 | 4.48 | 10.00 |
| Beliefs | 0 | 1 | 0 | 0 | 10 | 91 | 91.00 | 0 | 1 | 2.22 | 6.15 |
| History - Other | 0 | 1 | 1 | 0 | 5 | 77 | 77.00 | 1 | 1 | 7.06 | 20.00 |
| Literature - American | 0 | 0 | 1 | 0 | -5 | 0.00 | 0 | 0 | 0.00 | 0.00 | |
| Science - Chemistry | 0 | 0 | 1 | 0 | -5 | 0.00 | 0 | 0 | 0.00 | 0.00 |